Jg. 44, Bd. 1; Berichte der Deutschen Chemischen Gesellschaft

Bibliografiske detaljer
Parent link:Berichte der Deutschen Chemischen Gesellschaft: journal. Jg. 44, Bd. 1.— , 1868, 1870-1914, 1923-1932.— 1099-0682
Sprog:tysk
Udgivet: 1911
Format: MixedMaterials Bog
KOHA link:https://koha.lib.tpu.ru/cgi-bin/koha/opac-detail.pl?biblionumber=570814

MARC

LEADER 00000nam2a2200000 4500
001 570814
005 20231101125110.0
035 |a (RuTPU)RU\TPU\prd\268453 
035 |a RU\TPU\prd\268450 
090 |a 570814 
100 |a 20161224a18681932k y0gery50 ba 
101 0 |a ger 
102 |a DE 
200 0 |a Jg. 44, Bd. 1 
210 |d 1911 
461 1 |0 (RuTPU)RU\TPU\prd\1130  |x 1099-0682  |t Berichte der Deutschen Chemischen Gesellschaft  |o journal  |v Jg. 44, Bd. 1  |d 1868, 1870-1914, 1923-1932 
801 0 |a RU  |b 63413507  |c 20011210  |g PSBO 
801 2 |a RU  |b 63413507  |c 20161227  |g PSBO 
942 |c BK 
999 |a НТБ_ТПУ  |b РФ  |e -14/20160111  |p П-93  |u 0,00  |v 1